Study on challenging of indegenous people community land registretion at okaok village, okreang commune, sambo district, kratie province; សិក្សាអំពីបញ្ហាប្រឈមចំពោះការចុះបញ្ជីដីធ្លីរបស់សហគមន៏ជនជាតិដើមភាគតិចនៅភូមិអូរកក់ ឃុំអូរគ្រៀង ស្រុកសំបូរ ខេត្តក្រចេះ (Record no. 10816)

000 -LEADER
fixed length control field 00779nam a22001337a 4500
040 ## - CATALOGING SOURCE
Transcribing agency RUA
082 ## - DEWEY DECIMAL CLASSIFICATION NUMBER
Classification number LMA OUC 2015 B529 Or.1
100 ## - MAIN ENTRY--AUTHOR NAME
Personal name OUCH CHHANG; អ៊ូច ឆាង
245 ## - TITLE STATEMENT
Title Study on challenging of indegenous people community land registretion at okaok village, okreang commune, sambo district, kratie province; សិក្សាអំពីបញ្ហាប្រឈមចំពោះការចុះបញ្ជីដីធ្លីរបស់សហគមន៏ជនជាតិដើមភាគតិចនៅភូមិអូរកក់ ឃុំអូរគ្រៀង ស្រុកសំបូរ ខេត្តក្រចេះ
260 ## - PUBLICATION, DISTRIBUTION, ETC. (IMPRINT)
Place of publication PHNOM PENH
Name of publisher OUC
Year of publication 2015
300 ## - PHYSICAL DESCRIPTION
Number of Pages x;45p.
Other physical details ill.
Dimensions 29cm.
856 ## - ELECTRONIC LOCATION AND ACCESS
Uniform Resource Identifier OUCH CHHANG
942 ## - ADDED ENTRY ELEMENTS (KOHA)
Koha item type LMA
952 ## - LOCATION AND ITEM INFORMATION (KOHA)
Withdrawn status [LOCAL, KOHA] 0
952 ## - LOCATION AND ITEM INFORMATION (KOHA)
Withdrawn status [LOCAL, KOHA] 0
952 ## - LOCATION AND ITEM INFORMATION (KOHA)
Withdrawn status [LOCAL, KOHA] 0
952 ## - LOCATION AND ITEM INFORMATION (KOHA)
Withdrawn status [LOCAL, KOHA] 0
952 ## - LOCATION AND ITEM INFORMATION (KOHA)
Withdrawn status [LOCAL, KOHA] 0
952 ## - LOCATION AND ITEM INFORMATION (KOHA)
Withdrawn status [LOCAL, KOHA] 0
952 ## - LOCATION AND ITEM INFORMATION (KOHA)
Withdrawn status [LOCAL, KOHA] 0
Holdings
Permanent Location Date acquired Koha item type Lost status Shelving location Barcode Current Location Full call number
Library Block B2016-11-10LMA B529A03291Library Block BLMA OUC 2015 B529 Or.1
Library Block B2016-11-10LMA B529A03877Library Block BLMA OUC 2015 B529 Or.2
Library Block B2016-11-10LMA B529A03744Library Block BLMA OUC 2015 B529 Or.3
Library Block B2016-11-10LMA B529A03791Library Block BLMA OUC 2015 B529 Or.4
Library Block B2016-11-10LMA B529A03293Library Block BLMA OUC 2015 B529 Or.5
Library Block B2016-11-10LMA B529A03717Library Block BLMA OUC 2015 B529 Or.6
Library Block B2016-11-10LMA B529A03716Library Block BLMA OUC 2015 B529 Or.7
មជ្ឈមណ្ឌលឯការនៃសាកលវិទ្យាល័យភូមិន្ទកសិកម្មចំការដូង

Powered by Koha